[Event "Texas-ch"]
[Site "Dallas"]
[Date "2002.05.26"]
[Round "5.7"]
[White "Chua, Alexander J"]
[Black "Sulman, Robert M"]
[Result "1-0"]
[WhiteElo "2014"]
[BlackElo "2249"]
[PlyCount "49"]
[EventDate "2002.05.24"]
[EventType "swiss"]
[EventRounds "7"]
[EventCountry "USA"]
[SourceTitle "EXT 2003"]
[Source "ChessBase"]
[SourceDate "2002.11.25"]
[SourceVersion "1"]
[SourceVersionDate "2002.11.25"]
[SourceQuality "1"]

1. e4 c6 2. d4 d5 3. exd5 cxd5 4. c4 Nf6 5. Nc3 e6 6. Bg5 Bb4 7. Nf3 0-0 8. Bd3 dxc4 9. Bxc4 b6 10. 0-0 Bb7 11. Rc1 Nbd7 12. Re1 Rc8 13. Bd3 Bxc3 14. bxc3 Qc7 15. Ne5 Nxe5 16. dxe5 Qc6 17. f3 Nd7 18. Be7 Rfe8 19. Be4 Qxe4 20. fxe4 Rxe7 21. Qd6 Rce8 22. Rcd1 h6 23. Qa3 a6 24. Qb4 Nxe5 25. Qxb6 1-0

[Event "Texas Masters"]
[Site "Dallas"]
[Date "2002.04.13"]
[Round "2"]
[White "Curtin, Eugene"]
[Black "Sulman, Robert M"]
[Result "1-0"]
[WhiteElo "2404"]
[BlackElo "2234"]
[PlyCount "60"]
[EventDate "2002.04.12"]
[EventType "swiss"]
[EventRounds "5"]
[EventCountry "USA"]
[SourceTitle "EXT 2003"]
[Source "ChessBase"]
[SourceDate "2002.11.25"]
[SourceVersion "1"]
[SourceVersionDate "2002.11.25"]
[SourceQuality "1"]

1. d4 Nf6 2. c4 d6 3. Nc3 e5 4. Nf3 Nbd7 5. e4 g6 6. Be2 Bg7 7. 0-0 0-0 8. Be3 Ng4 9. Bg5 f6 10. Bd2 Nh6 11. d5 Nf7 12. Qc2 c5 13. dxc6 bxc6 14. Rfd1 a5 15. Be3 Qc7 16. Na4 Bb7 17. Rac1 c5 18. Nc3 Nb8 19. Qb3 a4 20. Qc2 Nc6 21. Nd5 Qd8 22. Rd3 f5 23. Ra3 f4 24. Bd2 g5 25. h3 Nd4 26. Qd3 Kh8 27. Bd1 Bc6 28. Ra1 Rg8 29. Bc2 h5 30. Nxd4 exd4 1-0

[Event "Texas Masters"]
[Site "Dallas"]
[Date "2002.04.??"]
[Round "4"]
[White "Quintanar, Sam"]
[Black "Sulman, Robert M"]
[Result "0-1"]
[WhiteElo "2200"]
[BlackElo "2234"]
[PlyCount "50"]
[EventDate "2002.04.12"]
[EventType "swiss"]
[EventRounds "5"]
[EventCountry "USA"]
[SourceTitle "EXT 2003"]
[Source "ChessBase"]
[SourceDate "2002.11.25"]
[SourceVersion "1"]
[SourceVersionDate "2002.11.25"]
[SourceQuality "1"]

1. d4 Nf6 2. c4 d6 3. Nc3 e5 4. e4 exd4 5. Qxd4 g6 6. Bg5 Bg7 7. f3 h6 8. Be3 0-0 9. Qd2 Kh7 10. g4 Re8 11. 0-0-0 Nfd7 12. h4 Nc6 13. h5 g5 14. Nh3 Nde5 15. Be2 Na5 16. b3 Be6 17. Nf2 Qf6 18. Qc2 Kg8 19. Nb5 Nxf3 20. Rh3 Ne5 21. Nxc7 Rec8 22. Nd5 Bxd5 23. exd5 Nexc4 24. bxc4 Nxc4 25. Bxc4 Rxc4 0-1

[Event "North American op 20th"]
[Site "Stillwater"]
[Date "2001.09.01"]
[Round "4"]
[White "Donaldson, John W"]
[Black "Sulman, Robert M"]
[Result "1-0"]
[WhiteElo "2435"]
[BlackElo "2243"]
[PlyCount "63"]
[EventDate "2001.08.31"]
[EventType "swiss"]
[EventRounds "10"]
[EventCountry "USA"]
[SourceTitle "EXT 2002"]
[Source "ChessBase"]
[SourceDate "2001.11.25"]
[SourceVersion "1"]
[SourceVersionDate "2001.11.25"]
[SourceQuality "1"]

1. Nf3 Nf6 2. c4 g6 3. d4 Bg7 4. g3 0-0 5. Bg2 d6 6. 0-0 c6 7. Nc3 a6 8. e4 b5 9. cxb5 axb5 10. e5 Ne8 11. Bf4 b4 12. Ne4 Be6 13. Re1 Bd5 14. Qd2 Na6 15. Bh6 f5 16. exf6 exf6 17. a3 f5 18. Bxg7 Kxg7 19. Neg5 Nac7 20. Nh3 bxa3 21. bxa3 Ne6 22. Nfg5 Nxg5 23. Nxg5 Nc7 24. Bxd5 cxd5 25. Rac1 Kg8 26. Qf4 Qd7 27. Qh4 Rfe8 28. Rxe8+ Nxe8 29. Re1 Qg7 30. Nf3 Kf8 31. Kg2 Ra7 32. Ng5 1-0

[Event "Massachusets op 66th"]
[Site "Marlborough"]
[Date "1997.05.26"]
[Round "5"]
[White "Sulman, Robert M"]
[Black "Tylevich, David"]
[Result "1-0"]
[WhiteElo "2263"]
[BlackElo "2107"]
[PlyCount "51"]
[EventDate "1997.05.??"]
[EventType "swiss"]
[EventRounds "5"]
[EventCountry "USA"]
[SourceTitle "EXT 2003"]
[Source "ChessBase"]
[SourceDate "2002.11.25"]
[SourceVersion "1"]
[SourceVersionDate "2002.11.25"]
[SourceQuality "1"]

1. e4 c5 2. Nf3 d6 3. Bb5+ Bd7 4. Bxd7+ Qxd7 5. c4 e5 6. Nc3 g6 7. d3 Bg7 8. a3 Nc6 9. b4 cxb4 10. axb4 Nxb4 11. Ba3 Nc6 12. Nb5 Bf8 13. 0-0 a6 14. Nc3 Nge7 15. d4 exd4 16. Nd5 Nxd5 17. exd5 Ne5 18. Re1 Bg7 19. Nxe5 dxe5 20. f4 f6 21. fxe5 fxe5 22. Qxd4 Kf7 23. Rf1+ Kg8 24. Qe4 h5 25. Rab1 Kh7 26. Rb6 1-0

[Event "Massachusets op 66th"]
[Site "Marlborough"]
[Date "1997.05.25"]
[Round "3"]
[White "Sulman, Robert M"]
[Black "Foygel, Igor"]
[Result "0-1"]
[WhiteElo "2263"]
[BlackElo "2479"]
[PlyCount "120"]
[EventDate "1997.05.??"]
[EventType "swiss"]
[EventRounds "5"]
[EventCountry "USA"]
[SourceTitle "EXT 2003"]
[Source "ChessBase"]
[SourceDate "2002.11.25"]
[SourceVersion "1"]
[SourceVersionDate "2002.11.25"]
[SourceQuality "1"]

1. e4 g6 2. d4 Bg7 3. Nc3 c6 4. Nf3 d5 5. h3 Nf6 6. e5 Ne4 7. Nxe4 dxe4 8. Ng5 c5 9. dxc5 Qa5+ 10. Bd2 Qxc5 11. Bc3 e3 12. f4 Nc6 13. Qe2 0-0 14. Qb5 Qb6 15. Qxb6 axb6 16. Bc4 h6 17. Nf3 Bf5 18. Ke2 Bxc2 19. Kxe3 Na5 20. Bb5 Nc6 21. Nd4 Ba4 22. Bd3 Nxd4 23. Bxd4 Bc6 24. Rhg1 b5 25. g4 g5 26. f5 Rfd8 27. Rgd1 Ra4 28. Bc2 Rc4 29. Bb3 Rb4 30. f6 exf6 31. e6 Re8 32. Rd3 fxe6 33. a3 Rc4 34. Bxc4 bxc4 35. Rd2 Bd5 36. Rf1 e5 37. Bc3 Be6 38. Rfd1 Bf8 39. Bb4 Bxb4 40. axb4 Re7 41. Rf1 Kg7 42. Rd6 Kf7 43. Rfd1 Rc7 44. Rd8 c3 45. Rc1 c2 46. Rd2 Bb3 47. Rd3 Ba4 48. Ra3 b5 49. Kd2 Rd7+ 50. Kc3 Rd1 51. Raa1 e4 52. b3 Rd3+ 53. Kxc2 Rxb3 54. Kd2 Rxh3 55. Rc7+ Kg6 56. Rf1 Rd3+ 57. Ke2 Rd6 58. Ke3 Bd1 59. Rg1 Bf3 60. Rc5 Rb6 0-1

[Event "Massachusets op 66th"]
[Site "Marlborough"]
[Date "1997.05.24"]
[Round "2"]
[White "Vatnikov, Josif E"]
[Black "Sulman, Robert M"]
[Result "1/2-1/2"]
[WhiteElo "2326"]
[BlackElo "2263"]
[PlyCount "120"]
[EventDate "1997.05.??"]
[EventType "swiss"]
[EventRounds "5"]
[EventCountry "USA"]
[SourceTitle "EXT 2003"]
[Source "ChessBase"]
[SourceDate "2002.11.25"]
[SourceVersion "1"]
[SourceVersionDate "2002.11.25"]
[SourceQuality "1"]

1. Nf3 Nf6 2. g3 d5 3. d4 c6 4. Bg2 Bf5 5. 0-0 h6 6. c4 e6 7. Nc3 Be7 8. Qb3 Qb6 9. c5 Qc7 10. Bf4 Qc8 11. Rac1 0-0 12. Qa4 Nbd7 13. b4 b5 14. cxb6 axb6 15. Qb3 c5 16. bxc5 bxc5 17. dxc5 Nxc5 18. Qb5 Qa6 19. Nd4 Qxb5 20. Ncxb5 Rfc8 21. Nxf5 exf5 22. Rc2 Ne6 23. Rxc8+ Rxc8 24. Rc1 Ra8 25. Rc2 Ne4 26. f3 Nxf4 27. gxf4 Rb8 28. a4 Nc5 29. e3 Nxa4 30. Bf1 Bc5 31. Kf2 Re8 32. Nd4 g5 33. Bb5 Ra8 34. Bxa4 Bxd4 35. Bc6 Bxe3+ 36. Kxe3 Ra3+ 37. Kf2 d4 38. Bd7 Ra5 39. Rd2 Rd5 40. Ba4 gxf4 41. Bb3 Rd7 42. Bc2 Rd5 43. Bd3 Kg7 44. Rb2 Ra5 45. Ke2 Kf6 46. Kd2 Kg6 47. Rb4 Ra2+ 48. Bc2 Ra3 49. Rb3 Ra1 50. Bb1 Kg5 51. Rb5 Kh4 52. Bxf5 Ra2+ 53. Bc2 Kh3 54. Rf5 Kxh2 55. Rxf4 Kg3 56. Rxf7 h5 57. f4 h4 58. f5 h3 59. Rg7+ Kf4 60. Rh7 d3 1/2-1/2

[Event "New York Marshall CC-ch"]
[Site "New York"]
[Date "1989.??.??"]
[Round "4"]
[White "Kamsky, Gata"]
[Black "Sulman, Robert M"]
[Result "1/2-1/2"]
[WhiteElo "2345"]
[BlackElo "2305"]
[PlyCount "93"]
[EventDate "1989.??.??"]
[EventType "swiss"]
[EventRounds "6"]
[EventCountry "USA"]
[SourceTitle "EXT 2015"]
[Source "ChessBase"]
[SourceDate "2014.11.20"]
[SourceVersion "1"]
[SourceVersionDate "2014.11.20"]
[SourceQuality "1"]

1. Nf3 Nf6 2. g3 d5 3. Bg2 c6 4. d3 Bg4 5. Nbd2 e6 6. 0-0 Be7 7. c4 0-0 8. b3 Nbd7 9. Bb2 Re8 10. h3 Bh5 11. Qc2 Bd6 12. a3 e5 13. e4 dxe4 14. dxe4 a5 15. Nh4 Rf8 16. Ndf3 Qc7 17. Rfe1 Nc5 18. Rad1 Nfd7 19. Bc3 f6 20. Nf5 Bf7 21. b4 axb4 22. axb4 Na4 23. Bd2 c5 24. b5 Nab6 25. Ne3 Ra4 26. Nd5 Bxd5 27. cxd5 Rfa8 28. Bc3 Nc4 29. Nd2 Na3 30. Qb2 Qb6 31. Ra1 Nxb5 32. Rxa4 Rxa4 33. Rb1 Nxc3 34. Qxc3 Rb4 35. Rxb4 Qxb4 36. Qxb4 cxb4 37. Bf1 Bc5 38. Bb5 Nb6 39. Nb3 Bd4 40. Na5 Kf8 41. Kf1 Nc8 42. Nxb7 Ke7 43. Na5 Kd6 44. Ke2 Kc7 45. Ba4 Nd6 46. f3 Nb7 47. Nxb7 1/2-1/2

[Event "Lone Pine op Louis D. Statham Masters"]
[Site "Lone Pine"]
[Date "1981.04.02"]
[Round "5"]
[White "Peters, Jack"]
[Black "Sulman, Robert M"]
[Result "1-0"]
[WhiteElo "2485"]
[BlackElo "2315"]
[PlyCount "27"]
[EventDate "1981.03.29"]
[EventType "swiss"]
[EventRounds "9"]
[EventCountry "USA"]
[SourceTitle "EXT 2018"]
[Source "ChessBase"]
[SourceDate "2017.10.13"]
[SourceVersion "1"]
[SourceVersionDate "2017.10.13"]
[SourceQuality "1"]

1. e4 e5 2. Nf3 Nc6 3. Bb5 g6 4. c3 d6 5. d4 Bd7 6. 0-0 Qe7 7. Re1 Bg7 8. a3 Nf6 9. Nbd2 0-0 10. Bc4 Nh5 11. Nb3 Bg4 12. Be3 exd4 13. Nbxd4 Qxe4 14. Bg5 1-0

[Event "Marshall op"]
[Site "New York"]
[Date "1979.??.??"]
[Round "3"]
[White "Biyiasas, Peter"]
[Black "Sulman, Robert M"]
[Result "1-0"]
[WhiteElo "2485"]
[BlackElo "2290"]
[PlyCount "71"]
[EventDate "1979.03.??"]
[EventType "swiss"]
[EventRounds "10"]
[EventCountry "USA"]
[SourceTitle "MCD"]
[Source "ChessBase"]
[SourceDate "1999.07.01"]
[SourceVersion "1"]
[SourceVersionDate "1999.07.01"]
[SourceQuality "1"]

1. Nf3 Nf6 2. g3 b5 3. a4 b4 4. Bg2 Bb7 5. 0-0 e6 6. d3 Be7 7. e4 d6 8. Nbd2 0-0 9. Nc4 a5 10. b3 Nfd7 11. Re1 Bf6 12. d4 Bxe4 13. Rxe4 d5 14. Re3 dxc4 15. bxc4 Ra6 16. c3 bxc3 17. Ba3 c5 18. Rxc3 Rd6 19. Qc1 Bxd4 20. Nxd4 Rxd4 21. Bb2 Ne5 22. Bf1 Nd3 23. Bxd3 Rxd3 24. Rxd3 Qxd3 25. Qg5 f6 26. Qxc5 Qd2 27. Ba3 Rd8 28. Qb6 Qd4 29. Qxe6+ Kh8 30. Re1 h6 31. Qf7 Nd7 32. Re7 f5 33. Bc1 Qa1 34. Kg2 Rg8 35. Bxh6 Nf8 36. Bxg7+ 1-0

[Event "Marshall op"]
[Site "New York"]
[Date "1979.??.??"]
[Round "10"]
[White "Sulman, Robert M"]
[Black "Valvo, Michael Joseph"]
[Result "0-1"]
[WhiteElo "2290"]
[BlackElo "2460"]
[PlyCount "54"]
[EventDate "1979.03.??"]
[EventType "swiss"]
[EventRounds "10"]
[EventCountry "USA"]
[SourceTitle "MCD"]
[Source "ChessBase"]
[SourceDate "1999.07.01"]
[SourceVersion "1"]
[SourceVersionDate "1999.07.01"]
[SourceQuality "1"]

1. e4 Nf6 2. e5 Nd5 3. d4 d6 4. Nf3 dxe5 5. Nxe5 g6 6. Bc4 Be6 7. Nc3 c6 8. Ne4 Nc7 9. Bxe6 Nxe6 10. c3 Bg7 11. f4 Qd5 12. Qf3 f5 13. Nf2 Bxe5 14. Qxd5 cxd5 15. fxe5 Nc6 16. Nd3 Kd7 17. Bh6 Rhc8 18. h3 b5 19. g4 b4 20. gxf5 gxf5 21. Rf1 Rg8 22. Rxf5 Rg3 23. Ke2 Nexd4+ 24. cxd4 Nxd4+ 25. Kf2 Nxf5 26. Nxb4 Rxh3 27. Bg5 Rg8 0-1

[Event "Marshall op"]
[Site "New York"]
[Date "1979.??.??"]
[Round "1"]
[White "Zlotnikov, Mikhail"]
[Black "Sulman, Robert M"]
[Result "1/2-1/2"]
[WhiteElo "2435"]
[BlackElo "2290"]
[PlyCount "65"]
[EventDate "1979.03.??"]
[EventType "swiss"]
[EventRounds "10"]
[EventCountry "USA"]
[SourceTitle "MCD"]
[Source "ChessBase"]
[SourceDate "1999.07.01"]
[SourceVersion "1"]
[SourceVersionDate "1999.07.01"]
[SourceQuality "1"]

1. c4 Nf6 2. Nc3 e5 3. g3 Bb4 4. Bg2 0-0 5. e4 Nc6 6. Nge2 d6 7. 0-0 Be6 8. d3 Bc5 9. h3 a6 10. Kh2 b5 11. Nd5 Nd4 12. Bg5 Bxd5 13. cxd5 Ng4+ 14. hxg4 Qxg5 15. Nxd4 Bxd4 16. Qe2 g6 17. Bh3 Qe7 18. Rac1 Bc5 19. Qd2 a5 20. Kg2 f6 21. Rc2 Kg7 22. f4 g5 23. Rcc1 h6 24. Rf3 b4 25. fxe5 fxe5 26. Rf5 Rf6 27. Rcf1 Raf8 28. Qd1 Qd7 29. Rxf6 Rxf6 30. Rf5 Kg6 31. Qf3 Rf7 32. Kh2 Bd4 33. Qe2 1/2-1/2